|
|
|
|
| LEADER |
00962nam a2200253 a 4500 |
| 001 |
30107 |
| 003 |
BD-DhAAL |
| 005 |
20151028095016.0 |
| 008 |
151028s2004 maua b 001 0 eng |
| 020 |
|
|
|a 0072563206
|
| 040 |
|
|
|a BD-DhAAL
|c BD-DhAAL
|
| 082 |
0 |
0 |
|a 150
|2 21
|
| 100 |
1 |
|
|a Lahey, Benjamin B.
|9 15769
|
| 245 |
1 |
0 |
|a Practice tests for use with Psychology :
|b an introduction /
|c Benjamin B. Lahey and Prepared by R. Eric Landrum.
|
| 250 |
|
|
|a 8th ed.
|
| 260 |
|
|
|a Boston, Mass. :
|b McGraw-Hill,
|c c2004.
|
| 300 |
|
|
|a v, 68 p. ;
|c 28 cm.
|
| 504 |
|
|
|a Includes bibliographical references and indexes.
|
| 541 |
|
|
|e 30107
|
| 650 |
|
0 |
|a Psychology.
|9 15770
|
| 700 |
1 |
|
|a Landrum, R. Eric.
|9 15771
|
| 942 |
|
|
|2 ddc
|c BK
|
| 999 |
|
|
|c 35937
|d 35937
|
| 952 |
|
|
|0 0
|1 0
|2 ddc
|4 0
|6 150_000000000000000_LAH
|7 0
|9 56470
|a BRACUL
|b BRACUL
|c GEN
|d 2015-10-28
|e BRAC Institute of Language (BIL)
|l 0
|o 150 LAH
|p 3010030107
|r 2015-10-28
|t 1
|w 2015-10-28
|y BK
|x Transferred from BIL to BRACUL on 06/06/22
|